Normal view
MARC view
- Hafiz Muhammad Ushamah (00000318330)
Entry Personal Name
001 - CONTROL NUMBER
- control field: 116698
003 - CONTROL NUMBER IDENTIFIER
- control field: NUST
005 - DATE AND TIME OF LATEST TRANSACTION
- control field: 20230912170026.0
008 - FIXED-LENGTH DATA ELEMENTS
- fixed length control field: 230912|| aca||aabn | a|a d
040 ## - CATALOGING SOURCE
- Original cataloging agency: NUST
- Transcribing agency: NUST
100 ## - HEADING--PERSONAL NAME
- Personal name: Hafiz Muhammad Ushamah (00000318330)
670 ## - SOURCE DATA FOUND
- Source citation: Work cat.: (NUST): Hafiz Muhammad Ushamah (00000318330), The impact of different solar thermal technologies and climate zones on thermo-economic performance of hybrid district space heating system integrated with seasonal thermal energy storage/, 2022
